00733nam a2200181Ia 4500003000900000008004100009040001600050080002200066111007400088245018800162260005500350300001000405650002800415650004100443650002100484700002300505700002300528IN-BaIIA211028s9999 xx 000 0 eng d cIIA Library a520.8(082.2)bTHE aWorkshop the First year of HST ObservationscMarylandd1991 May 14-16 4aThe first year of HST observationsbproceedings of the workshop Baltimore, Maryland, 14-16 May 1991cedited by A. L. Kinney and J. C. Blades  aBaltimorebSpace Telescope Science Institutec1991 a297p. aAstronomical telescopes aAstronomy and Astrophysics Thesaurus aHST observations aBlades, J. C., ed. aKinney, A. L., ed.